Football: Villes avec au moins 2 clubs en 1ère Division (Mort subite) - Statistiques

Statistiques générales
  • Ce quiz a été pris 736 fois
  • Le résultat moyen est 5 sur 20
Answers on the Grid
Answers color-coded by a green-red scale on the quiz's grid according to % correct below.
Liverpool
Turin
Milan
Rotterdam
Séville
Bruges
Prague
Bucarest
Cluj
Lisbonne
Belgrade
Thessalonique
Zurich
Edimbourg
Dundee
Zagreb
Budapest
Varna
Belfast
Ljubljana
Birmingham
Varsovie
Bratislava
Dortmund
Marseille
Bilbao
Naples
Amsterdam
Munich
Paris
 
Statistiques - réponses
Réponse % Correct
Milan AC - Inter Milan
69%
Liverpool FC - Everton Liverpool
55%
FC Séville - Betis Séville
49%
Benfica - Sporting - Casa Pia Lisbonne
48%
Juventus - Torino Turin
40%
Club Bruges - Cercle Bruges Bruges
29%
Bohemians - Dukla - Slavia - Sparta Prague
25%
Feyenoord - Sparta Rotterdam
20%
Čukaricki - Etoile Rouge - OFK - Partizan Belgrade
19%
Dinamo - FCSB - Rapid Bucarest
16%
Dinamo - Lokomotiva Zagreb
16%
FC Zurich - Grasshopper Zurich
15%
Ferenvaros - MTK - Újpest Budapest
9%
Dundee FC - Dundee United Dundee
9%
CFR - Universitatea Cluj
8%
Heart of Midlothian - Hibernian Edimbourg
8%
Aris - PAOK Thessalonique
7%
Bravo - Olimpija - Maribor Ljubljana
5%
Clitonville - Crusaders - Glentoran - Linfield Belfast
3%
Cherno More - Spartak Varna
1%
Aucun quiz correspondant
Distribution des résultats
% des personnes avec chaque résultat
Percentile par nombre de réponses
Votre historique - résultats
Vous n’avez pas pris ce quiz